[Event "GER-ch (Women)"]
[Site "Ostfildern"]
[Date "2023.08.15"]
[Round "2"]
[White "Bardorz, Jana"]
[Black "Zimmer, Elke"]
[Result "1-0"]
[WhiteElo "2057"]
[BlackElo "1878"]
[PlyCount "38"]
[EventDate "2023.08.14"]
[EventType "swiss"]
[EventRounds "9"]
[EventCountry "GER"]
[SourceTitle "CBM 215 Extra"]
[Source "ChessBase"]
[SourceDate "2023.09.30"]
[SourceVersion "1"]
[SourceVersionDate "2023.09.30"]
[SourceQuality "1"]

1. e4 e5 2. Nf3 Nc6 3. Bc4 Bc5 4. c3 Qe7 5. 0-0 d6 6. d3 h6 7. a4 a5 8. Na3 Bg4 9. Nc2 Qf6 10. Ne3 Bxf3 11. Qxf3 Qxf3 12. gxf3 Nce7 13. Rd1 Nf6 14. d4 exd4 15. cxd4 Bb6 16. Bf1 Nc6 17. Bb5 Nd7 18. Nd5 0-0-0 19. Be3 Ncb8 1-0

[Event "GER-ch Blitz (Women)"]
[Site "Magdeburg"]
[Date "2021.08.01"]
[Round "9"]
[White "Zschischang, Marine"]
[Black "Zimmer, Elke"]
[Result "1/2-1/2"]
[WhiteElo "2070"]
[BlackElo "1910"]
[PlyCount "95"]
[EventDate "2021.08.01"]
[EventType "tourn (blitz)"]
[EventRounds "21"]
[EventCountry "GER"]
[SourceTitle "CBM 203 Extra"]
[Source "ChessBase"]
[SourceDate "2021.09.30"]
[SourceVersion "1"]
[SourceVersionDate "2021.09.30"]
[SourceQuality "1"]

1. d4 d6 2. e4 g6 3. Be3 Bg7 4. Qd2 Nf6 5. f3 0-0 6. Bh6 e5 7. d5 Nbd7 8. h4 Nh5 9. Ne2 c5 10. g4 Nf4 11. Bxg7 Kxg7 12. Nxf4 exf4 13. Qxf4 Qf6 14. Qxf6+ Nxf6 15. Nc3 a6 16. a4 Bd7 17. Be2 b5 18. axb5 axb5 19. Kd2 b4 20. Nb5 Bxb5 21. Bxb5 h5 22. g5 Nh7 23. Ke3 f6 24. gxf6+ Nxf6 25. Rhg1 Kh6 26. Bc6 Rxa1 27. Rxa1 g5 28. hxg5+ Kxg5 29. Rg1+ Kh6 30. b3 h4 31. Bb5 Rg8 32. Rh1 Kh5 33. Be2 Rg3 34. Kf2 Kg5 35. f4+ Kg6 36. Bd3 Kh5 37. Be2+ Ng4+ 38. Kf1 h3 39. e5 Kh4 40. Bxg4 Rxg4 41. e6 Rxf4+ 42. Ke2 Re4+ 43. Kf3 Re5 44. Rd1 Rf5+ 45. Ke4 Rf2 46. Ke3 Rf5 47. Ke4 Rf2 48. Ke3 1/2-1/2

[Event "GER-ch (Women)"]
[Site "Magdeburg"]
[Date "2021.07.30"]
[Round "8"]
[White "Zimmer, Elke"]
[Black "Bardorz, Jana"]
[Result "0-1"]
[WhiteElo "1910"]
[BlackElo "1883"]
[PlyCount "92"]
[EventDate "2021.07.25"]
[EventType "swiss"]
[EventRounds "9"]
[EventCountry "GER"]
[SourceTitle "CBM 203 Extra"]
[Source "ChessBase"]
[SourceDate "2021.09.30"]
[SourceVersion "1"]
[SourceVersionDate "2021.09.30"]
[SourceQuality "1"]

1. e4 e5 2. Nc3 Nf6 3. f4 d5 4. fxe5 Nxe4 5. Nf3 Bg4 6. d3 Nxc3 7. bxc3 c5 8. d4 Nc6 9. Bb5 Be7 10. 0-0 0-0 11. Bxc6 bxc6 12. Be3 f6 13. h3 Bxf3 14. gxf3 fxe5 15. dxe5 Qd7 16. Kh2 Rad8 17. Qe2 Qf5 18. f4 d4 19. cxd4 cxd4 20. Qc4+ Kh8 21. Bxd4 Qe4 22. Rad1 c5 23. Qe6 Bh4 24. Qg4 Qxc2+ 25. Bf2 Rxd1 26. Qxd1 Qxd1 27. Rxd1 Bxf2 28. Rd7 Be3 29. e6 Bxf4+ 30. Kg2 Re8 31. Rxa7 Kg8 32. Ra6 c4 33. Rc6 c3 34. Rxc3 Rxe6 35. Rc4 Bg5 36. a4 Ra6 37. Kf3 Kf7 38. h4 Bf6 39. h5 h6 40. Rb4 Ke6 41. Re4+ Kd5 42. Rb4 Kc5 43. Re4 Rd6 44. Re2 Rd3+ 45. Kg4 Rd4+ 46. Kf3 Rxa4 0-1

[Event "GER-ch (Women)"]
[Site "Magdeburg"]
[Date "2021.07.29"]
[Round "7"]
[White "Lederer, Leia"]
[Black "Zimmer, Elke"]
[Result "0-1"]
[WhiteElo "1754"]
[BlackElo "1910"]
[PlyCount "110"]
[EventDate "2021.07.25"]
[EventType "swiss"]
[EventRounds "9"]
[EventCountry "GER"]
[SourceTitle "CBM 203 Extra"]
[Source "ChessBase"]
[SourceDate "2021.09.30"]
[SourceVersion "1"]
[SourceVersionDate "2021.09.30"]
[SourceQuality "1"]

1. e4 e5 2. Nf3 Nc6 3. Bb5 a6 4. Ba4 Nf6 5. 0-0 b5 6. Bb3 d6 7. Re1 Na5 8. d4 Nxb3 9. axb3 exd4 10. e5 dxe5 11. Nxe5 Be6 12. Bg5 Qd5 13. c4 dxc3 14. Qc1 cxb2 15. Qxb2 Bd6 16. Bxf6 gxf6 17. Ng4 0-0-0 18. Nxf6 Be5 19. Nxd5 Bxb2 20. Ra2 Bg7 21. Nb4 Bxb3 22. Rxa6 Kb7 23. Ra3 Rhe8 24. Rc1 Bb2 25. Rxb3 Bxc1 26. g3 Kb6 27. Kg2 Re6 28. Nd3 Bg5 29. Na3 Rd5 30. Nc4+ Kc6 31. Nb4+ Kc5 32. Na3 Rd2 33. Nd3+ Rxd3 34. Rxd3 b4 35. Nc2 Bf6 36. Rb3 Bc3 37. Ne3 Rxe3 38. fxe3 Kc4 39. Rb1 Kd3 40. Rd1+ Kc2 41. Rd7 Be5 42. Rxf7 b3 43. Rf2+ Kd3 44. Kf3 c5 45. Rf1 c4 46. Rd1+ Kc2 47. Ke2 b2 48. Rd2+ Kb3 49. Rd1 c3 50. Rd5 b1Q 51. Rxe5 Qc2+ 52. Kf3 Qxh2 53. Rb5+ Kc4 54. Rb8 Qh1+ 55. Kf4 c2 0-1

[Event "GER-ch Blitz (Women)"]
[Site "Magdeburg"]
[Date "2020.08.15"]
[Round "1"]
[White "Zimmer, Elke"]
[Black "Birkholz, Olga"]
[Result "1-0"]
[WhiteElo "1952"]
[BlackElo "2001"]
[PlyCount "103"]
[EventDate "2020.07.28"]
[EventType "tourn (blitz)"]
[EventRounds "29"]
[EventCountry "GER"]
[SourceTitle "EXT 2021"]
[Source "ChessBase"]
[SourceDate "2020.10.23"]
[SourceVersion "1"]
[SourceVersionDate "2020.10.23"]
[SourceQuality "1"]

1. e4 e6 2. d4 d5 3. Nd2 c5 4. exd5 Qxd5 5. Ngf3 cxd4 6. Bc4 Qd7 7. 0-0 Nc6 8. Nb3 Nf6 9. Nbxd4 Nxd4 10. Nxd4 a6 11. Re1 Qc7 12. Bf1 Bd6 13. h3 0-0 14. Bg5 e5 15. Bxf6 gxf6 16. Nb3 Bf5 17. Bd3 Bg6 18. h4 Kh8 19. Qf3 Be7 20. h5 Bxd3 21. cxd3 Rg8 22. Rac1 Qb6 23. d4 Bb4 24. Re4 Rae8 25. dxe5 Rxe5 26. Rxe5 fxe5 27. Qxf7 Rf8 28. Qc4 Qxf2+ 29. Kh1 Bd6 30. Qe4 Qf4 31. Qxf4 Rxf4 32. Rd1 Bc5 33. Kh2 Bf8 34. Kg3 Bh6 35. Rd8+ Kg7 36. Rd7+ Kg8 37. Rxb7 Rd4 38. Nxd4 exd4 39. Rd7 Be3 40. Kf3 Bc1 41. b3 Bb2 42. g4 h6 43. Ke4 Kh8 44. Kf5 Kg8 45. Kg6 Kf8 46. Rd5 Ke8 47. Kxh6 Ke7 48. Kg6 Ke6 49. Rd8 Ke5 50. h6 Kf4 51. h7 d3 52. Rxd3 1-0

[Event "GER-ch Blitz (Women)"]
[Site "Magdeburg"]
[Date "2020.08.15"]
[Round "5"]
[White "Zimmer, Elke"]
[Black "Sieber, Fiona"]
[Result "0-1"]
[WhiteElo "1952"]
[BlackElo "2201"]
[PlyCount "26"]
[EventDate "2020.07.28"]
[EventType "tourn (blitz)"]
[EventRounds "29"]
[EventCountry "GER"]
[SourceTitle "EXT 2021"]
[Source "ChessBase"]
[SourceDate "2020.10.23"]
[SourceVersion "1"]
[SourceVersionDate "2020.10.23"]
[SourceQuality "1"]

1. e4 e5 2. Nf3 Nc6 3. d4 exd4 4. Nxd4 Nf6 5. Nxc6 bxc6 6. Bd3 d5 7. 0-0 Be7 8. e5 Ng4 9. f4 Bc5+ 10. Kh1 Qh4 11. h3 Qg3 12. Qxg4 Bxg4 13. hxg4 Qh4# 0-1

[Event "GER-chT Federal Cup (Women)"]
[Site "Braunfels"]
[Date "2019.06.21"]
[Round "2.17"]
[White "Khrapko, Marharyta"]
[Black "Zimmer, Elke"]
[Result "1-0"]
[WhiteElo "2129"]
[BlackElo "1926"]
[PlyCount "89"]
[EventDate "2019.06.20"]
[EventType "team-swiss"]
[EventRounds "5"]
[EventCountry "GER"]
[SourceTitle "CBM 191 Extra"]
[Source "ChessBase"]
[SourceDate "2019.09.30"]
[SourceVersion "1"]
[SourceVersionDate "2019.09.30"]
[SourceQuality "1"]

1. e4 e5 2. Nf3 Nc6 3. Bb5 Bc5 4. 0-0 d6 5. c3 Bd7 6. d4 exd4 7. cxd4 Bb4 8. Bg5 f6 9. Be3 Ba5 10. Nh4 g6 11. f4 f5 12. g3 Qe7 13. Nc3 Nf6 14. d5 Nb8 15. e5 Bxb5 16. Nxb5 0-0 17. Qb3 Ne4 18. Nf3 Nd7 19. Rac1 Rfc8 20. a3 Ndc5 21. Qc4 a6 22. Nbd4 b5 23. Qa2 Bb6 24. Nc6 Qe8 25. Nfd4 Nd3 26. Rcd1 Ndc5 27. Rfe1 Kg7 28. Qa1 Qf7 29. b3 Kh6 30. e6 Qf6 31. Kg2 Re8 32. Bc1 Nxe6 33. dxe6 Bxd4 34. Rxd4 Qxe6 35. Qb2 a5 36. Rdd1 Ra6 37. Nd4 Qf6 38. Nxb5 Qxb2+ 39. Bxb2 Rc6 40. Rc1 Rb6 41. a4 c6 42. Nd4 c5 43. Nb5 Re7 44. h3 g5 45. Bf6 1-0

[Event "GER-ch (Women)"]
[Site "chess24.com INT"]
[Date "2019.05.30"]
[Round "7"]
[White "Zimmer, Elke"]
[Black "Just, Anita"]
[Result "1-0"]
[WhiteElo "1926"]
[BlackElo "1866"]
[PlyCount "123"]
[EventDate "2019.05.26"]
[EventType "swiss"]
[EventRounds "9"]
[EventCountry "GER"]
[SourceTitle "EXT 2020"]
[Source "ChessBase"]
[SourceDate "2019.10.17"]
[SourceVersion "1"]
[SourceVersionDate "2019.10.17"]
[SourceQuality "1"]
[WhiteTeam "Germany"]
[BlackTeam "Germany"]
[WhiteTeamCountry "GER"]
[BlackTeamCountry "GER"]

1. e4 e6 2. d4 d5 3. e5 c5 4. c3 Nc6 5. Nf3 Qb6 6. Be2 cxd4 7. cxd4 Bd7 8. Nc3 Rc8 9. 0-0 Nge7 10. Na4 Qc7 11. b3 b5 12. Bxb5 Nxe5 13. Ba6 Nxf3+ 14. Qxf3 Ng6 15. Bxc8 Bxc8 16. Be3 Bd6 17. Rfc1 Qd8 18. g3 0-0 19. h4 e5 20. Bg5 Qd7 21. Qxd5 exd4 22. Nc5 Bxc5 23. Rxc5 Qh3 24. Qg2 Qg4 25. f3 Qe6 26. Qf2 h6 27. Bd2 Qh3 28. Re1 Bb7 29. Qg2 Qd7 30. Bb4 d3 31. h5 Qd4+ 32. Qf2 Qxb4 33. hxg6 Bxf3 34. Rc4 Qb6 35. Qxb6 axb6 36. Rd4 Be2 37. gxf7+ Rxf7 38. Rc1 Rf3 39. Kg2 Rf7 40. Rc8+ Kh7 41. a4 Bf1+ 42. Kg1 Be2 43. Rc6 Rb7 44. Kf2 Rf7+ 45. Ke3 b5 46. a5 Re7+ 47. Kd2 Bf1 48. Rxd3 Re2+ 49. Kc3 Ra2 50. Rd1 Bg2 51. Ra6 Be4 52. Rd4 Bf3 53. Ra7 Rg2 54. Rd3 Be2 55. Re3 Bf1 56. Ra8 h5 57. a6 Ra2 58. Kb4 Kg6 59. Re5 Rb2 60. Rf8 Ra2 61. Rxf1 Rxa6 62. Rxb5 1-0